Southville International School and Colleges
Your cart is empty.
  • Cart
  • Lists
    Public lists Eva Luna New books Lux_list list_1
    Your lists Log in to create your own lists
  • Log in to your account
  • Your cookies
  • Search history
Southville International School and Colleges
  • Advanced search
  • Recent comments
  • Most popular
  • Libraries

Log in to your account

Log in with GOOGLE


If you do not have an external account, but do have a local account, you can still log in:

  1. Home
  2. MARC view: Around the world in eighty days /
Normal view MARC view ISBD view

Around the world in eighty days / (Record no. 115001)

[ view plain ]
MARC details
000 -LEADER
fixed length control field 00484nam a2200157 a 4500
001 - CONTROL NUMBER
control field 4147
005 - DATE AND TIME OF LATEST TRANSACTION
control field 20140414132119.0
008 - FIXED-LENGTH DATA ELEMENTS--GENERAL INFORMATION
fixed length control field 090331s19uu xx 00 eng d
020 ## - INTERNATIONAL STANDARD BOOK NUMBER
International Standard Book Number
050 ## - LIBRARY OF CONGRESS CALL NUMBER
Classification number M 808.308
Item number V59 1993
100 ## - MAIN ENTRY--PERSONAL NAME
Personal name Verne, Jules, 1828-1905.
245 ## - TITLE STATEMENT
Title Around the world in eighty days /
Statement of responsibility, etc Jules Verne ; translated by George M. Towle ; illustrated by Tudor Banus.
260 ## - PUBLICATION, DISTRIBUTION, ETC. (IMPRINT)
Name of publisher, distributor, etc Twin books,
Date of publication, distribution, etc 1993.
650 ## - SUBJECT ADDED ENTRY--TOPICAL TERM
Topical term or geographic name as entry element Voyages around the world
General subdivision Fiction.
Holdings
Withdrawn status Lost status Damaged status Home library Current library Shelving location Date acquired Source of acquisition Total Checkouts Full call number Barcode Date last seen Price effective from Koha item type
      Munich Library Munich Library Main Section 11/22/2011     M 808.308 V59 1993 M6952 04/14/2014 04/14/2014 Books

Around the world in eighty days /

APA

Verne J. 1., . (1993). Around the world in eighty days. : Twin books.

Chicago

Verne Jules 1828-1905, . 1993. Around the world in eighty days. : Twin books.

Harvard

Verne J. 1., . (1993). Around the world in eighty days. : Twin books.

MLA

Verne Jules 1828-1905, . Around the world in eighty days. : Twin books. 1993.

  • Place hold
  • Print
  • Cite
  • Add to your cart (remove)
  • Save record
    BIBTEX Dublin Core MARCXML MARC (non-Unicode/MARC-8) MARC (Unicode/UTF-8) MARC (Unicode/UTF-8, Standard) MODS (XML) RIS
  • More searches
    Search for this title in:
    Other Libraries (WorldCat) Other Databases (Google Scholar) Online Stores (Bookfinder.com) Open Library (openlibrary.org)

Exporting to Dublin Core...

SOUTHVILLE LIBRARY

Southville International School and Colleges Library

1281 Tropical Ave. Cor. Luxembourg St., BF Homes International, Las Pinas City

Tel. No. 8256374 / 252358 Loc. 117/146

Powered by Koha